000 00307nam a2200121Ia 4500
008 240624s9999 xx 000 0 und d
041 _aeng
082 _a020 KUM
100 _aLAL C
245 _aLIBRARY AND INFORMATION SCIENCE UGC NET
260 _c2013
_aNew Delhi
_bEss ESS Publications
365 _cRS
_b30
999 _c27988
_d27988